000 00722cam a2200253 4500
001 J1554
008 090401t1993 xxu||||| |||| 00| 0 eng d
035 _a(Sirsi) u44193
041 _aeng
050 _a690.3095952
100 _aLow, Sui Pheng
245 _aImplementing QA in a newly industrialising economy: the case of Singapore.
260 _aAscot, Berks.
_bChartered Institute of Building
_c1993
300 _a8p. ; 30cm.
350 _a0
490 _aConstruction Papers
_v20
650 _aBUILDING INDUSTRY
650 _aQUALITY ASSURANCE
690 _aOVERSEAS-REST OF THE WORLD
700 _aGoh Kok Hwa,
710 _aChartered Institute of Building
_92134
942 _n0
948 _c04/03/1997
999 _c91458
_d91458